| 000 | 00372nam a2200145Ia 4500 | ||
|---|---|---|---|
| 008 | 221030s9999 xx 000 0 und d | ||
| 020 | _a9380358963 | ||
| 041 | _aEnglish | ||
| 100 | _aN. D. Bhatt | ||
| 245 | 0 |
_aEngineering Drawing : Plane & Solid Geometry _cby N. D. Bhatt |
|
| 260 |
_bCharotar Pub _aAnand _c2014 |
||
| 300 | _a719 | ||
| 650 | _aMechanical | ||
| 942 | _cBK | ||
| 999 |
_c15495 _d15495 |
||